000 00760nam a2200205Ia 4500
005 20260121110254.0
008 008 260114s9999 xx 000 0 hin d
020 _a9788132352037
037 _aEBOOK
040 _aCRL
_bhin
_cCRL
041 _ahin
_2hin
084 _qCRL
100 _aराजकुमार सिंह / Rajkumar Singh
_9944151
245 0 _aभारत में मानवाधिकार एवं आपराधिक न्याय प्रणाली / Bharat mein Manavadhikar aur Aaparadhik Nyay Pranali
260 _bभाषा प्रकाशन / Bhasha Prakashan
_c2020
856 _uhttps://bhashaprakashan.com/product-details/378543
942 _cEBOOK
999 _c1535815
_d1535815